000 00741nam a2200229 a 4500
001 000023759
005 20240510073819.0
008 110113s2006 dr 000 0 spa d
020 _z994516077X
040 _aDO-SdBNP
_bspa
_cBNPHU
082 _a248.8
_bB248i, 2006
100 1 _aBaret B., Víctor C.
_948916
245 1 0 _aInstrucciones prácticas para nuevos creyentes /
_cVíctor C. Baret B.
250 _a2ª ed. corr. y ampl.
260 _aSanto Domingo :
_bBúho,
_c2006.
300 _a71 p. ;
_c22 cm.
500 _aIncluye datos biográficos del autor en la contracubierta.
590 _aInventariado, 2018/ YL
650 0 _aVida cristiana
_9668
650 4 _aEvangelización
_9476
910 _aValidado. Control de calidad EMS
999 _c23255
_d23255